[Event "GER-ch 70th"]
[Site "Bremen"]
[Date "1998.11.09"]
[Round "4"]
[White "Dautov, Rustem"]
[Black "Mueller, Karsten"]
[Result "1/2-1/2"]
[WhiteElo "2625"]
[BlackElo "2550"]
[Annotator "Dautov,R"]
[PlyCount "64"]
[EventDate "1998.11.06"]
[EventType "swiss"]
[EventRounds "9"]
[EventCountry "GER"]
[SourceTitle "CBM 068"]
[Source "ChessBase"]
[SourceDate "1999.02.01"]
[SourceVersion "1"]
[SourceVersionDate "1999.02.01"]
[SourceQuality "1"]

1. Nf3 d5 2. c4 c6 3. e3 Nf6 4. Nc3 e6 5. b3 Bd6 6. Bb2 O-O 7. Be2 a6 8. d4
Nbd7 9. O-O b5 10. Qc2 Bb7 (10... bxc4 11. bxc4 dxc4 12. Bxc4 c5 $11 {Lerner})
11. c5 Bc7 12. b4 e5 $146 (12... a5 13. a3 e5 (13... Re8 14. e4 dxe4 15. Nxe4
$14) 14. e4 (14. Nxb5 $5 e4 15. Ne5 cxb5 16. c6 Bc8 17. cxd7 Bxd7 18. bxa5 $14
{Lerner}) 14... dxe4 15. Nxe4 Nxe4 16. Qxe4 f5 17. Qe3 $1 e4 18. Ng5 Qe7 (18...
Nf6 $5 19. Ne6 Qe7 20. Nxf8 Nd5 21. Qd2 Rxf8 22. a4 $1 {Lerner}) 19. Qb3+ Kh8
20. Ne6 a4 21. Qa2 Nf6 22. d5 $1 cxd5 23. Nxf8 Rxf8 24. Bd4 Bc6 25. f4 $14 {
Lerner,K-Cuijpers,F/Nimes 1991}) 13. dxe5 (13. e4 dxe4 14. Nxe4 Nxe4 15. Qxe4
f5 16. Qe3 e4 17. Ng5 Nf6 18. Ne6 Qe7 19. Nxf8 Rxf8 $44) 13... Nxe5 14. Nxe5
Bxe5 15. Bd3 (15. a4 $1 $14) 15... a5 16. a3 Re8 (16... d4 $2 17. Ne2 $16) (
16... Qe7 $1 17. Ne2 Bxb2 (17... Ng4 $2 18. Bxh7+ Kh8 19. Bf5 $16) 18. Qxb2 Ng4
19. Qd4 (19. h3 $2 Nxe3 $17) (19. Nd4 Qe5 20. g3 Qh5 $132) 19... Ne5 $11 {
/\Bc8-d7}) 17. Ne2 Bc7 $2 (17... Bxb2 18. Qxb2 Ng4 19. Nd4 Qc7 20. g3 Ne5 21.
Be2 Bc8 $11) 18. Nd4 {><c6,Bb7} Ne4 $2 (18... axb4 19. axb4 $14) 19. a4 $1 $16
bxa4 20. b5 cxb5 21. Bxb5 Re5 (21... Rf8 22. Rxa4 $16) 22. f4 Rh5 23. Be2 Rh6
24. Nf5 Rc6 25. Nxg7 $2 (25. Bd4 $1 g6 (25... Bb6 $2 26. Qb2 Bc8 (26... Bxc5 $4
27. Bxc5 $18) 27. cxb6 Bxf5 28. Rxa4 $18) (25... f6 26. Bb5 Re6 27. Qxa4 $16)
26. Ng3 (26. Nh6+ Kf8 27. Bb5 Re6 $13) 26... Nxg3 27. hxg3 Ba6 28. Qxa4 Qd7 29.
Bxa6 Raxa6 30. Rfb1 $16) 25... Bb6 $1 $13 (25... Rxc5 $2 26. Qd1 Nc3 27. Bxc3
Rxc3 28. Qd4 Rc6 29. Nh5 $16) 26. Bd3 (26. Nf5 Bxc5 27. Qxa4 Qb6 28. Bd4 Nc3 $1
29. Qc2 Bxd4 30. Nxd4 Nxe2+ 31. Qxe2 Ba6 $15) 26... Bxc5 27. Qe2 a3 $1 28. Bxa3
(28. Be5 f6 29. Qg4 Bxe3+ 30. Kh1 Kh8 31. Nh5 (31. Bxe4 fxe5 32. Nh5 Rc7 $19)
31... Qg8 (31... Qe7 $2 32. Bxe4 dxe4 33. Nxf6 $1 Rxf6 34. Qg5 Raf8 35. Rab1
$16) 32. Qxg8+ Rxg8 33. Bxe4 fxe5 34. Bxd5 Rb6 (34... exf4 $5) 35. Bxb7 (35.
Bxg8 $2 Rb2 $17) 35... Rxb7 36. Rxa3 exf4 $11) 28... Kxg7 29. Bxe4 dxe4 30.
Bxc5 Rxc5 31. Qb2+ Qf6 32. Qxb7 Qc6 $11 (32... Qc6 33. Qxc6 (33. Qb2+ Kg8 34.
Rfc1 a4 35. Qa3 Rxc1+ 36. Rxc1 Qd5 $11) 33... Rxc6 34. Ra4 f5 35. Rfa1 Rc5 $11)
1/2-1/2

[Event "FRA-chT poule haute"]
[Site "France"]
[Date "2003.05.08"]
[Round "9.3"]
[White "Bauer, Christian"]
[Black "Dautov, Rustem"]
[Result "1/2-1/2"]
[WhiteElo "2579"]
[BlackElo "2611"]
[Annotator "Dautov,R"]
[PlyCount "68"]
[EventDate "2003.05.07"]
[EventType "team"]
[EventRounds "4"]
[EventCountry "FRA"]
[SourceTitle "CBM 095"]
[Source "ChessBase"]
[SourceDate "2003.07.25"]
[SourceVersion "1"]
[SourceVersionDate "2003.07.25"]
[SourceQuality "1"]
[WhiteTeam "Clichy"]
[BlackTeam "Mulhouse"]
[WhiteTeamCountry "FRA"]
[BlackTeamCountry "FRA"]

1. c4 Nf6 2. Nf3 c6 3. Nc3 d5 4. e3 Bg4 5. cxd5 Bxf3 6. Qxf3 cxd5 7. g4 $6 {
Das Bauernflankenspiel direkt in der Eröffnung muß immer gut begründet sein.
Hier ist es nicht der Fall, Weiß verliert lediglich Zeit.} ({Chancenreicher
ist m. E.} 7. Bb5+ Nc6 8. O-O e6 9. Bxc6+ bxc6 10. b3 Be7 11. Bb2 O-O 12. Rfc1
Qa5 13. Rc2 c5 14. d3 Rac8 15. Na4 $14 {mit leichtem weißem Druck, Kruppa,
Y-Milov,L/Donetsk 1998}) 7... e6 8. g5 Nfd7 9. h4 Nc6 10. d4 Rc8 11. Bd2 a6 {
Schwarz bereitet das Gegenspiel auf dem Damenflügel vor.} (11... Na5 12. e4 $13
) 12. Rc1 Nb6 (12... b5 13. a4 $1 b4 14. Nxd5 $5 exd5 15. Bxa6 Rc7 16. Qxd5 $36
) (12... Na5 13. e4 $13) 13. Qd1 Na5 $6 {Diese Aktion erweist sich als
verfrüht. Vor einem Springerausfall sollte ich die Entwicklung beenden.} (13...
Nc4 $6 14. Bxc4 dxc4 15. Qa4 $14) (13... Bd6 $1 14. Bd3 (14. Be2 O-O $15 {/\Nc4
}) (14. Bg2 Nc4 $15) 14... Nb4 15. Be2 Nc4 $15) 14. Ne2 $1 (14. b3 $6 Ba3 15.
Rc2 Nc6 $15) 14... Nbc4 15. Bc3 Bd6 16. Bg2 Nc6 $11 17. e4 {Weiß versucht, das
Zentrum zu öffnen.} O-O 18. O-O (18. exd5 exd5 19. Bxd5 $2 Nxb2 $1) 18... dxe4
19. Bxe4 Nb6 $1 {Selbstverständlich muß der Isolani blockiert werden.} 20. Qd3
g6 21. Kg2 Nd5 22. Bd2 Bb4 $1 {Angesichts des drohenden Angriffs h4-h5 will
Schwarz das gegnerische Angriffspotenzial etwas reduzieren und ein Paar
Leichtfiguren abtauschen.} (22... Qd7 23. a3 {/\h5} f5 24. Bf3 $13) 23. Be3 Be7
(23... Re8 $5 {/\Ne3, Bf8-g7}) 24. a3 Nxe3+ 25. Qxe3 $1 (25. fxe3 Qd7 {/\e5})
25... Qd7 {Die Stellung ist ausgeglichen, aber Schwarz, der den gegnerischen
Bauern angreifen kann, hat das leichtere Spiel. Außerdem hatte Christian hier
deutlich weniger Zeit.} 26. Rfd1 Rfd8 27. Qf3 {/\d5} (27. d5 $2 exd5 28. Bxd5
Qg4+ 29. Ng3 Qxh4 30. Bxc6 Bxg5 $19) 27... Bf8 28. d5 Ne5 29. Qg3 Rxc1 30. Nxc1
$2 $138 {Dieser Zeitnotfehler führt zum Bauernverlust.} (30. Rxc1 $1 exd5 31.
Rd1 $11) 30... Nc4 $1 {><b2} 31. Nd3 exd5 (31... Qa4 32. Qf3 exd5 33. Bxd5 Rxd5
34. Qxd5 Ne3+ 35. fxe3 Qxd1 36. e4 $11) 32. Nf4 d4 $17 33. h5 (33. Bd5 Nd6 $17)
(33. Nd5 Bg7 $17) 33... Ne5 $2 {Ein schwer verständlicher Zug, ich wurde in
meiner beginnenden Zeitnot nervös. Es sprach nichts dagegen, den Mehrbauern
mit 33...Bg7 ausreichend zu verteidigen.} (33... Bg7 $17) 34. Nd5 $1 Qe6 {
Der Mehrbauer geht verloren und damit auch mein Vorteil. Hier fand ich es an
der Zeit, Remis anzubieten, das angenommen wurde.} (34... Qe6 35. Rxd4 Bg7 36.
Nf4 (36. h6 Nc6 37. Nf4 Qe7 38. Rxd8+ Nxd8 $11) 36... Qe7 37. Rxd8+ Qxd8 38. h6
Bh8 39. Bxb7 Qb6 40. Bd5 Qxb2 41. Qe3 Qb8 $11) 1/2-1/2

[Event "Lippstadt 10th"]
[Site "Lippstadt"]
[Date "2000.07.11"]
[Round "6"]
[White "Dautov, Rustem"]
[Black "Mueller, Karsten"]
[Result "1/2-1/2"]
[WhiteElo "2606"]
[BlackElo "2513"]
[Annotator "Dautov,R"]
[PlyCount "136"]
[EventDate "2000.07.06"]
[EventType "tourn"]
[EventRounds "11"]
[EventCountry "GER"]
[EventCategory "10"]
[SourceTitle "CBM 078"]
[Source "ChessBase"]
[SourceDate "2000.10.18"]
[SourceVersion "1"]
[SourceVersionDate "2000.10.18"]
[SourceQuality "1"]

1. Nf3 d5 2. c4 c6 3. e3 Nf6 4. Nc3 e6 5. b3 Bd6 6. Bb2 e5 $6 {Dieses
Eröffnungsexperiment scheint sehr verdächtig. Innerhalb weniger Züger verliert
der Nachziehnde die Kontrolle über die schwarzen Zentrumsfelder.} 7. cxd5 cxd5
8. Nb5 Nc6 9. Nxd6+ Qxd6 10. Bb5 (10. d4 $5 e4 11. Ne5 $14) 10... e4 11. Nd4
O-O 12. Be2 $6 {Zu vorsichtig gespielt. Energischer war 12.Qc1.} (12. Qc1 $142
$1 {Hracek} Nb4 (12... Nxd4 13. Bxd4 Rd8 14. Qb2 $14) 13. a3 Na6 14. Be2 Nc7
15. h3 $14 (15. d3 $14)) 12... Nxd4 13. Bxd4 Bf5 14. O-O (14. g4 Be6 15. Bxf6
gxf6 $13) 14... Nd7 15. Rc1 (15. f3 exf3 16. Rxf3 (16. Bxf3 Bg6 17. Rc1 Rac8)
16... Bg6 17. Rg3 Ne5 $13) 15... Ne5 16. Qc2 Rfc8 17. Qb2 f6 $11 {Dank der
Ungenauigkeit von Weiß im 12. Zug konnte Schwarz ausgleichen. Dennoch ist das
weiße Läuferpaar nicht zu unterschätzen.} 18. Rxc8+ Rxc8 19. Rc1 Rxc1+ 20. Qxc1
a6 $6 {Dies schwächt weiter die schwarzen Felder. Besser war 20...b6.} (20...
b6 $11) 21. h3 Nd3 $6 {Diese Pseudoaktivität erlaubt Weiß eine weitere
Verbesserung seiner Stellung. Schwarz sollte "stehenbleiben", z.B Kf7,Nc6-e5
usw.} 22. Qc3 Qd7 23. g4 $1 Bg6 24. f4 $1 $14 Qc6 25. Qa5 Qd6 26. Kg2 h6 27. h4
Bf7 28. h5 (28. a3 g5 $1 29. hxg5 hxg5 30. Bxd3 exd3 31. f5 Qe7 32. Kg3 Qd6+
33. Kh3 Qe7 34. Qc3 Qe4 35. Bxf6 Qh1+ $11) 28... Be6 29. Kg3 (29. Qc3 Qd7 30.
f5 $2 Bxf5 31. gxf5 Qxf5 $132) 29... Qd7 $1 {/\f5 Schwarz nimmt den weißen
König ins Visier und kann in vielen Varianten aufs Dauerschach hoffen.} (29...
f5 $2 30. Bxd3 exd3 31. Be5 Qd7 32. g5 $16) 30. Qc3 (30. Qb6 Nc1 31. Bd1 Nxa2
32. Bb2 {/\Qa5} Qc8 33. Qd6 Qd7 $1 (33... a5 $2 34. g5 hxg5 35. fxg5 fxg5 36.
Qe5 Qd7 37. h6 $16) 34. Qa3 Qb5 35. Qxa2 Qf1 $11) (30. a3 f5 31. Bxd3 (31. gxf5
Bxf5 32. Ba1 Nc1 33. Bd1 Nd3 34. Qc3 Ne1 $11) 31... exd3 32. g5 hxg5 33. fxg5
Qd6+ 34. Kf3 Qh2 $1 35. Qd8+ Kh7 36. g6+ Kh6 37. Qh8+ Kg5 38. Qd8+ Kh6 $11)
30... Qc8 $1 {Karsten erkennt rechtzeitig die Gefahr. Der Damentausch auf c6
führte zu einem für ihn hoffnungslosen Endspiel mit ungleichfarbigen Läufern.}
(30... Qc6 $2 31. Qxc6 bxc6 32. Bxd3 exd3 33. f5 Bc8 34. Kf3 $1 (34. Kf2 Kf7
35. Ke1 Ke7 36. Bc5+ Kf7 37. Kd1 g6 38. hxg6+ Kg7 39. Kc1 h5 $11) 34... Kf7 35.
Bc5 Bd7 (35... a5 36. a4 $18) 36. e4 dxe4+ 37. Kxe4 Bc8 38. Kxd3 Bd7 39. Kd4
$18 {/\b4,a4, Bd6,Kc5}) 31. Qxc8+ {Dieses Endspiel ist im Gegensatz zu der
letzten Variante remislich, da Weiß keinen Freibauern bilden kann.} (31. Bxf6 {
Auch das Figurenopfer versprach nicht viel.} gxf6 32. Qxf6 Bf7 33. Bxd3 (33.
Qxh6 Qc1 34. Kh4 $2 Qe1+ 35. Kg5 Qxe2 36. Kf6 $2 Qxg4 $19) (33. g5 Qc6 34. Qd8+
Qe8 $11) 33... Qc1 34. Bxe4 dxe4 $11) (31. a4 $5 $14 {kam in Frage.}) 31...
Bxc8 32. Bxd3 exd3 33. f5 Bd7 $11 34. a4 Bc6 35. Kf2 Kf7 36. a5 (36. Ke1 a5 37.
Kd1 (37. Bb6 d4 $11) 37... b5 38. axb5 Bxb5 39. Kc1 a4 40. b4 a3 $11) 36... Kg8
37. Ke1 Kf7 38. Kd1 Bb5 39. Kc1 Bc6 40. Kb2 Bb5 41. Kc3 Kg8 42. Kb4 Kf7 43. Kc5
Bc6 44. Kd6 Bb5 45. Kc7 (45. Kxd5 Bc6+ 46. Kd6 Bf3 47. Kc7 Be4 $11) 45... Bc6
46. Kb6 Ke7 47. Kc5 Kf7 48. Kd6 Bb5 49. Bb2 Bc6 50. Ba3 Bb5 51. Bb4 Bc6 52. Bc5
Bb5 53. Bb6 Bc6 54. Ba7 Bb5 55. Bb6 Bc6 56. Bd8 Bb5 57. Bc7 Bc6 58. Bb8 Bb5 59.
Ba7 Bc6 60. Bc5 Bb5 61. Ba3 Bc6 62. Kc7 Ke8 63. b4 Kf7 64. b5 Bxb5 65. Kxb7 Bc4
66. Kb6 Bb5 67. Kc5 Ba4 68. Kb6 Bb5 1/2-1/2

[Event "Reggio Emilia 9596 38th"]
[Site "Reggio Emilia"]
[Date "1996.01.03"]
[Round "6"]
[White "Dautov, Rustem"]
[Black "Belotti, Bruno"]
[Result "1-0"]
[WhiteElo "2620"]
[BlackElo "2380"]
[Annotator "Dautov,R"]
[PlyCount "81"]
[EventDate "1995.12.28"]
[EventType "tourn"]
[EventRounds "9"]
[EventCountry "ITA"]
[EventCategory "14"]
[SourceTitle "CBM 051"]
[Source "ChessBase"]
[SourceDate "1996.04.01"]
[SourceVersion "1"]
[SourceVersionDate "1996.04.01"]
[SourceQuality "1"]

1. d4 {Hecht} Nf6 2. Nf3 g6 3. c4 Bg7 4. g3 O-O 5. Bg2 c6 6. O-O d5 7. b3 a5 8.
Nc3 Ne4 9. Bb2 a4 $5 {N} (9... Bf5 10. Rc1 Nd7 (10... Nxc3 11. Bxc3 Be4 $14)
11. Nh4 Nxc3 12. Bxc3 Be6 13. e4 dxe4 14. Bxe4 Nf6 15. Bg2 a4 16. Qd2 $14 {
Nikolic,Pr-Gelfand,B/Sarajevo (m/2) 1991}) (9... Nxc3 10. Bxc3 Nd7 11. Rc1 Nf6
12. Ne5 Be6 13. Qc2 Qb6 14. Rfd1 Rfd8 15. e3 Bf5 16. Qe2 a4 17. b4 dxc4 18.
Nxc4 Qa6 19. Bf1 Be6 20. Be1 $14 {Nikolic,P-Leko,P/Wijk op (05) ;CBM 46 1995})
10. Nxa4 (10. Nxe4 dxe4 11. Ne1 (11. Ng5 $2 f5 $15) 11... c5 12. Nc2 Nc6 13. e3
f5 $13) 10... dxc4 11. Ne5 cxb3 12. axb3 Bxe5 (12... Nd6 13. Nc5 Rxa1 14. Qxa1
Nd7 15. Nexd7 Bxd7 16. Rc1 $14) 13. dxe5 Nd2 14. Re1 Be6 15. Nc5 Rxa1 16. Qxa1
$1 (16. Bxa1 Nxb3 17. Nxb3 Qxd1 18. Rxd1 Bxb3 19. Rb1 Bc4 20. Rxb7 Rd8 21. Bf3
(21. f4 Ba6 $1) 21... Rd1+ 22. Kg2 Rxa1 23. Rxb8+ Kg7 $10) 16... Nxb3 17. Nxe6
fxe6 18. Qa3 Qb6 $2 (18... Qd2 $1 19. Rf1 Qc2 (19... Nd4 20. Bxd4 Qxd4 21. Qxe7
Qd7 (21... Qxe5 22. Bh3 $16) 22. Qc5 Na6 23. Qb6 $14) 20. Be4 $1 Qxe4 21. Qxb3
Kf7 22. Qxb7 Qxe2 23. Ba3 Re8 24. Bxe7 $14 (24. Bd6 Qb5 25. Rb1 Qxb7 26. Rxb7
Na6 27. Ra7 c5 $1 (27... Nb8 $2 28. f4 Kf8 29. Bc5 $16) 28. Rxa6 exd6 29. Rxd6
Rc8 $10)) 19. e3 $16 Qa5 $6 (19... Nd2 20. Bd4 Qc7 21. Qa2 Nf3+ 22. Bxf3 Rxf3
23. Qxe6+ Rf7 24. Qh3 $40 {/\e6,Qh6}) (19... c5 20. Bc3 Nc6 21. Qa4 $1 Nca5 22.
Rb1 Qd8 23. Bf1 $16) 20. Rb1 $1 Qxa3 21. Bxa3 Na5 22. Bb4 $1 b6 (22... Nc4 23.
Bxe7 Re8 24. Rxb7 Nxe5 25. Bh3 $18) 23. Bxe7 Re8 24. Rxb6 Rxe7 25. Rxb8+ {
Hecht: TL-TS: starker L, Mehrbauer, Raum. passiver schwarze Figuren,
Aktivieren wK} Kf7 26. f4 $18 Rc7 27. Bf1 c5 28. Rb5 Nb7 29. Kf2 Ke7 30. h4 Kd7
31. Rb6 Nd8 32. Bc4 Ke7 33. Ra6 Rb7 34. Ke2 Rb2+ 35. Kd3 Rb7 (35... Rg2 36.
Ra7+ Kf8 37. Rxh7 Rxg3 38. Rh8+ Ke7 39. Bb5 Rg1 40. Kc2 Rg2+ 41. Kc3 $18) 36.
Kc3 Kd7 37. g4 Ke7 38. e4 Rc7 39. Bb5 Rb7 40. Kc4 Rc7 41. f5 1-0

[Event "Bundesliga 0304"]
[Site "Germany"]
[Date "2004.02.15"]
[Round "8.3"]
[White "Appel, Ralf"]
[Black "Dautov, Rustem"]
[Result "0-1"]
[WhiteElo "2513"]
[BlackElo "2610"]
[Annotator "Dautov,R"]
[PlyCount "80"]
[EventDate "2003.11.01"]
[EventType "team-tourn"]
[EventRounds "15"]
[EventCountry "GER"]
[SourceTitle "CBM 100"]
[Source "ChessBase"]
[SourceDate "2004.06.01"]
[SourceVersion "1"]
[SourceVersionDate "2004.06.01"]
[SourceQuality "1"]
[WhiteTeam "Wattenscheid"]
[BlackTeam "Baden Oos"]
[WhiteTeamCountry "GER"]
[BlackTeamCountry "GER"]

1. Nf3 d5 2. g3 g6 3. c4 c6 4. Qa4 d4 $5 {Ein anspruchsvoller Zug. Schwarz
möchte beweisen, daß der Ausfall der weißen Dame auf a4 nichts anderes als ein
Tempoverlust war.} (4... Nd7 5. cxd5 cxd5 $11) 5. b4 Bg7 {Schwarz könnte
mittels 5...Nd7!? versuchen, den Vorstoß a7-a5 schnell durchzusetzen.} (5...
Nd7 $5 6. Bb2 e5 7. e3 Bg7 8. Bg2 Nh6 9. O-O O-O 10. Na3 $6 a5 11. exd4 e4 12.
Ne1 Nb6 $15 {Lputian,S-Ivanchuk,V/Montecatini Terme 2000}) 6. d3 e5 7. Bg2 Ne7
8. O-O O-O 9. Nbd2 h6 $6 {Dieser unnötige Zug verliert lediglich Zeit, denn
die geplante Aufstellung Be6, Nd7 wird sich nicht realisieren lassen. Besser
war deswegen das Fiancchetto 9...b6, nebst Bb7 und Nd7 mit etwa gleichen
Chancen.} (9... Qc7 10. Bb2 Rd8 11. a3 h6 12. Qc2 a5 13. Nb3 a4 14. Nbd2 c5 15.
Ne4 b6 $11 {Nikolaidis,I-Kapnisis,S/Korinthos 1999}) (9... b6 $5 10. b5 Bb7 11.
bxc6 Bxc6 12. Qc2 Nd7 $11) 10. Ba3 Nd7 {Erst hier entdeckte ich, daß der
geplante Zug 9...b6 auf taktische Art zum weißen Vorteil führt.} (10... b6 $6
11. b5 $1 Bb7 ({Auch} 11... cxb5 12. cxb5 Bb7 13. Nc4 Nd7 14. Rfc1 $14 {
ist nicht erstrebenswert für Schwarz.}) 12. Nxe5 $1 cxb5 (12... Bxe5 $2 13.
Bxe7 Qxe7 14. bxc6 $16) 13. Qxb5 a6 14. Qb4 Bxg2 15. Kxg2 {Weiß hat einen
Mehrbauern und kann seinen Vorteil behaupten.} Re8 $1 16. Nef3 Nec6 17. Qa4 $1
(17. Qb3 Rxe2 18. Ne4 Na5 19. Qd1 Rxe4 20. dxe4 Nxc4 21. Qd3) 17... Rxe2 18.
Ne4 f5 19. Ng1 Rxe4 20. dxe4 fxe4 21. Rae1 $16) 11. Rab1 Qc7 {Nun bedarf b7-b6
einer gründlichen Vorbereitung.} 12. Nb3 $5 {/\b5} Re8 13. b5 $1 cxb5 {
Selbstverständlich öffnete ich sehr ungern den Damenflügel, aber 13...c5
gefiel mir noch weniger.} (13... c5 14. Nfd2 {/\Ne4} f5 15. Rfe1 $1 {Der
schwarze Damenflügel ist lahmgelegt, und Weiß will das Zentrum öffnen.} Bf8 (
15... Rd8 $2 16. Nxc5 $1 Nxc5 17. Qb4 Bf8 18. Qxc5 Nc6 19. Bd5+ Kg7 20. b6 axb6
21. Qxb6 Qxb6 22. Bxf8+ Rxf8 23. Rxb6 Rxa2 24. Nf3 $16) 16. e3 dxe3 17. Rxe3
$14) 14. Qxb5 a6 15. Qb4 (15. Qa4 $1 Nc6 16. Nc5 Nxc5 17. Bxc5 Bf5 18. Nd2 $14)
15... Bf8 16. Qe1 $2 {Bisher hat Ralf Appel exzellent gespielt, aber der
passive Textzug erlaubt mir, die Stellung zu konsolidieren. Deutlich besser
war es, die Dame im Mittelpunkt des Geschehens zu belassen, 16.Qa4!.} (16. Qa4
$1 Nc6 (16... b5 $2 17. Qa5 Qb8 18. Qd2 $16) 17. Bxf8 Rxf8 18. Rfc1 $14) 16...
Rb8 17. Nfd2 b6 {Endlich kommt Schwarz zu diesem lang ersehnten
Entwicklungszug.} 18. Ne4 Nf5 19. Bxf8 Rxf8 20. Qc1 $1 Kg7 $6 {Es gab
überhaupt keinen Grund für diese Prophylaxe, vielmehr sollte ich endlich den
Läufer fiancchettieren, 20...Bb7.} (20... Bb7 $1 21. g4 $2 (21. Qa3 Rfc8 $11)
21... Nh4 22. Qxh6 Nxg2 23. Kxg2 Bxe4+ 24. dxe4 Qxc4 $17) 21. c5 $1 b5 $1 {
Dieser Zug sieht nach einem Fehler aus, denn er verschafft Weiß einen
gefährlichen Freibauern. Auf der anderen Seite kann dieser Bauer blockiert 
(solange er auf c5 steht) bzw. leicht angegriffen werden (wenn er nach c6
zieht). Außerdem möchte Schwarz bei Gelegenheit seinen Springer nach c3
überführen.} (21... bxc5 22. Nbxc5 Nxc5 23. Qxc5 Qxc5 24. Nxc5 $14) 22. Qa3 (
22. c6 Nb6 23. Nec5 Ne7 {/\Nbd5, ><c6} 24. e3 (24. Qa3 Ned5 $15) 24... dxe3 25.
fxe3 Nbd5 $132) (22. e3 Bb7 23. exd4 Nxd4 24. Nxd4 exd4 25. Qb2 Rfd8 26. Qxd4+
Qe5 $11) 22... Bb7 23. Rfc1 Bc6 {Wegen der Drohung c5-c6 erzwungen.} 24. Na5
Bd5 $138 {Hier verblieben mir nur 5 Minuten bis zur Zeitkontrolle, während
Appel etwa 20 hatte. Dafür läßt sich die schwarze Stellung etwas leichter
spielen: meine Idee ist Nf5-e7-c6, wogegen sich Weiß etwas einfallen lassen
muß.} 25. Nd6 $6 {Nicht die beste Fortsetzung.} ({Besser war} 25. c6 $1 Nb6 26.
Nc5 Ra8 27. Nd7 (27. Bh3 $5 $13) 27... Nxd7 28. Bxd5 Nb6 29. Bg2 Na4 30. Qb4
Nc3 31. Rxc3 $1 dxc3 32. Qxc3 Nd4 33. Qd2 $44 {Der starke Freibauer verspricht
Weiß zumindest gleiche Chancen.}) 25... Ne7 26. c6 Nb6 27. Ndb7 Bxg2 28. Kxg2
Ned5 {Nun steht Schwarz in jedem Fall nicht schlechter, deswegen bot ich Remis
an. Ralf wollte jedoch im Mannschaftssinne weiterspielen.} 29. Qd6 Rfc8 30. Rc5
Qxd6 31. Nxd6 Rc7 {Die Restbedenkzeit war inzwischen ausgeglichen (jeweils
etwa 3 Minuten).} 32. a4 $5 Nc3 33. Rxc3 $2 {Das Qualitätsopfer ist ein Fehler,
nach dem richtigem 33.Rb4 bliebe die Stellung unklar.} (33. Rb4 $1 Nbd5 34. Rb3
b4 35. Nac4 f6 $13) 33... dxc3 34. axb5 Na4 35. b6 Nxb6 36. Ne8+ $2 (36. Ne4 c2
37. Rc1 $17) 36... Rxe8 37. Rxb6 c2 $19 38. Nb3 Rec8 39. Nc1 Rxc6 40. Rb2 Rc5
0-1

[Event "Olympiad-23"]
[Site "Buenos Aires"]
[Date "1978.11.03"]
[Round "9"]
[White "Dzindzichashvili, Roman"]
[Black "Schmidt, Wlodzimierz"]
[Result "1-0"]
[WhiteElo "2550"]
[BlackElo "2505"]
[Annotator "Dzindzichashvili,R"]
[PlyCount "59"]
[EventDate "1978.10.25"]
[EventType "team-swiss"]
[EventRounds "14"]
[EventCountry "ARG"]
[SourceTitle "EXT 2000"]
[Source "ChessBase"]
[SourceDate "1999.11.16"]
[SourceVersion "1"]
[SourceVersionDate "1999.11.16"]
[SourceQuality "1"]
[WhiteTeam "Israel"]
[BlackTeam "Poland"]
[WhiteTeamCountry "ISR"]
[BlackTeamCountry "POL"]

{Inf.26/667} 1. Nf3 Nf6 2. g3 g6 3. b3 Bg7 4. Bb2 d5 5. c4 c6 6. Bg2 Bg4 7. O-O
O-O 8. d3 Bxf3 9. Bxf3 Nbd7 10. Nd2 $14 e6 11. Qc2 Qe7 12. Bg2 Rfd8 13. a3 a5
14. d4 b5 $6 15. a4 $16 b4 16. Rac1 Qf8 (16... Rac8 17. cxd5 cxd5 18. Qxc8 $18)
17. Qd3 {[/\ Rc2, Rdc1]} c5 $6 18. e3 cxd4 19. exd4 dxc4 20. Nxc4 Ra7 (20...
Nd5 21. Bxd5 exd5 22. Ne5 $16) 21. Rfe1 Rc8 22. Ne3 $1 Rd8 (22... Rac7 23. Rxc7
Rxc7 24. Qb5 $18) 23. d5 $1 Nxd5 (23... Nb6 24. Bd4 $18) 24. Bxg7 Qxg7 (24...
Kxg7 25. Qd4+ $18) 25. Nxd5 exd5 26. Qxd5 $18 Qf8 27. Qd4 Ra6 28. Red1 Re6 29.
Bh3 Re7 30. Rc7 1-0